000 00815nam a2200229 a 4500
001 000044740
005 20240412074303.0
008 150108s2014 dr a 000 p spa d
020 _a9789945081527
040 _aDO-SdBNP
_bspa
_cBNPHU
082 _aRD861.44
_bP123v
100 1 _aPadilla Almarante, Natividad de Jesús,
_d1960-
_972742
245 1 0 _aVendaval de sentimientos /
_cNatividad de Jesús Padilla Almarante.
260 _aSanto Domingo :
_bBúho,
_c2014.
300 _a99 p. :
_bil., ;
_c22 cm.
500 _aIncluye datos biográficos de la autora en las solapas
590 _aLa biblioteca posee 3 ejemplares autográfiados por el autor
590 _aInventariado, 2018/LP
650 0 _aPoesía dominicana
_966
650 0 _aLiteratura dominicana.
_967
910 _aValidado. Control de calidad MFF
999 _c44229
_d44229